| 000 | 00978cam a2200217 4500 | ||
|---|---|---|---|
| 001 | WB3641-04 | ||
| 008 | 000000n2000 000 0 eng u | ||
| 035 | _a(Sirsi) u108861 | ||
| 245 | _aHotel investment dips | ||
| 260 | _c2000 | ||
| 490 |
_aEstates Gazette _v(0041) 14 October 2000, 43(1) |
||
| 520 | _aAccording to a report by Jones Lang LaSalle Hotels, the London hotel investment market has come to a halt in 2000. In the months leading up to September there were only £65m of hotel sales, compared with £489m of transactions during the same period in 1999. The survey notes that there has been little available to buy, but trading is now stronger than in 1998 and early 1999. Table. | ||
| 590 | _aWB | ||
| 650 | _aHOTEL INVESTMENT | ||
| 650 | _aJONES LANG LASALLE | ||
| 650 | _aINVESTMENT MARKET | ||
| 650 | _aFOREIGN INVESTMENT | ||
| 650 | _aHOTEL MARKET | ||
| 690 | _aPROPERTY-COMMERCIAL PROPERTY-COMMERCIAL PROPERTY FINANCE AND INVESTMENT | ||
| 942 | _n0 | ||
| 999 |
_c64991 _d64991 |
||